000
00311nam a2200121 a 4500
001
4140
005
20140414131943.0
008
090218s19uu xx 00 eng d
050
_a
TR 372.7
_b
W55 2006
245
_a
What are numbers? (0 to 5). Act. bk. 3.
440
_a
Learning math with Albert
999
_c
112625
_d
112625